01272nam a2200229 a 4500001001500000005001700015008004100032020003500073020003000108040000600138100002100144245007400165250001200239260003600251300002100287490002600308520058700334700001200921700001500933830001900948856007500967ASIN174179218520170105102923.0131209s2011 xxu eng d a1741792185 (paperback)c$28.99 a9781741792188 (paperback) a01 aMayhew, Bradley.10aLonely planet tibet /cBradley Mayhew, Michael Kohn, Daniel McCrohan. a8th ed. a[S.l.] :bLonely Planet,c2011. a384 p. ;c20 cm.1 aCountry travel guide. a“Go to Tibet and see many places, as much as you can; then tell the world.” – His Holiness The Dalai Lama Our Promise You can trust our travel information because Lonely Planet authors visit the places we write about, each and every edition. We never accept freebies for positive coverage, and you can rely on us to tell it like we see it. Inside This Book… Preface by His Holiness the Dalai Lama 4 intrepid authors 55 maps 100+ monasteries Inspirational photos Clear, easy-to-use maps Trekking in Tibet chapter In-depth background Comprehensive planning tools Easy-to-read  aKohn, M aMcCrohan,  aCountry travel 3Amazon.comuhttp://www.amazon.com/exec/obidos/ASIN/1741792185/chopacon